000
00291 a2200145 4500
001
172585
020
_a
040
_c
Magnum
100
_a
Góes, Lúcia Pimentel
240
1
0
_a
De ponta cabeca
_l
por
245
1
0
_a
De ponta cabeca
362
0
_a
1899
697
_a
I/ANIMAIS
942
_c
BK
999
_c
172585
_d
172585